| 000 | 00493nam a2200193Ia 4500 | ||
|---|---|---|---|
| 005 | 20250423100658.0 | ||
| 008 | 250422s9999 xx 000 0 und d | ||
| 020 | _a9789814670869 | ||
| 050 | _aTA 190 .O24/ | ||
| 100 | _aOberlender, Garold D. | ||
| 245 | 0 | _aProject management for engineering and construction | |
| 250 | _a3rd ed. | ||
| 260 | _aSingapore | ||
| 260 | _bMcGraw-Hill Education | ||
| 260 | _c2014 | ||
| 300 | _a420 p | ||
| 650 | _aEngineering--Management. | ||
| 942 | _cBK | ||
| 999 |
_c34036 _d34036 |
||